10 Words 20 Definitions IX Quiz Stats

Quiz Updated Jul 18, 2017

Challenge
Share
Tweet
Embed
Score 0/20 Timer 02:00
0 Plays Today
% Correct
Six
94.3%
Picture
94.1%
Phoenix
94%
Phoenix
94%
Blue
93.8%
Bright
93.6%
Cervix
93.3%
Mix
92.8%
Mix
91.3%
Affix
90.3%
% Correct
Temper
88.9%
Bright
88.4%
Stone
87.6%
Blue
85.1%
Stone
84.8%
Picture
84.4%
Affix
84.2%
Temper
80.4%
Cervix
72.3%
Six
57.6%

You're not logged in!

Compare scores with friends on all Sporcle quizzes.
Sign Up with Email
OR
Log In

You Might Also Like...

Show Comments

Extras

Top Quizzes Today


Score Distribution

Your Account Isn't Verified!

In order to create a playlist on Sporcle, you need to verify the email address you used during registration. Go to your Sporcle Settings to finish the process.